| 000 | 00733nam a22002417a 4500 | ||
|---|---|---|---|
| 003 | BCEG | ||
| 005 | 20260121163836.0 | ||
| 008 | 260121s1985 mx|||||| |||| 00| 0 spa d | ||
| 020 | _a9688500224 | ||
| 040 |
_aBCEG _bspa _cBCEG |
||
| 082 | 0 | 4 |
_aU864.4 _bA636f |
| 100 | 1 |
_aAntúnez, Rocío, _d1946-. |
|
| 245 | 1 | 0 |
_aFelisberto Hernández _b: el discurso inundado. |
| 260 |
_aMéxico : _bInstituto Nacional de Bellas Artes : _bKatún, _c1985. |
||
| 300 | _a152 p. | ||
| 490 |
_aPremio Bellas Artes de Literatura ; _v3. |
||
| 504 | _aIncluye bibliografía. | ||
| 541 | _aDonación. | ||
| 600 | 1 | 4 |
_aHernández, Felisberto, _d1902-1964, _vVida y obra. |
| 650 | 1 | 4 | _aEscritores uruguayos. |
| 650 | 1 | 4 | _aEnsayos uruguayos. |
| 942 | _cBK | ||
| 999 |
_c437041 _d437041 |
||